| 000 | 00976nam0a2200313 i 4500 | ||
|---|---|---|---|
| 001 | RU\NLR\BIBL_A\011466814 | ||
| 005 | 20240727033409.0 | ||
| 010 |
_a9785171051280 _93500 |
||
| 021 |
_aRU _b2017-58152 _94130 |
||
| 035 | _a(RuMoRGB)008955755 | ||
| 035 | _a(NLR Aleph) 011466814 | ||
| 090 |
_a11833429 _c11833429 |
||
| 100 | _a20170906d2017 u y0rusy50 ca | ||
| 101 | 1 |
_arus _ceng |
|
| 102 | _aRU | ||
| 105 | _ay|||z|||000ay | ||
| 200 | 1 |
_aДневник моей памяти _e[роман] _fЛара Эвери _g[пер. с англ. М. Извековой] |
|
| 210 |
_aМосква _cАСТ _d2017 |
||
| 215 |
_a284, [3] с. _d21 |
||
| 225 | 1 | _aВиноваты звезды | |
| 333 | _a16+ | ||
| 686 |
_aШ5(7США)64-644 _2rubbk |
||
| 686 | 1 | _aШ6(7США)67-440.4{Лх1979-50} | |
| 700 | 1 |
_aЭвери _bЛ. _gЛара |
|
| 942 | _cBOOK | ||
| 980 | _aNBR | ||